Footballeurs - Statistiques

Statistiques générales
  • Ce quiz a été pris 91 fois
  • Le résultat moyen est 11 sur 16
Statistiques - réponses
Par images Réponse % Correct
Gianluigi Donnarumma
95%
Gonzalo Ramos
94%
Sadio Mane
94%
Marco Verratti
91%
Alexander Isak
87%
David Luiz
86%
Jonathan Tah
83%
Kai Havertz
83%
Maghnes Akliouche
82%
Terem Moffi
65%
Fernando Muslera
64%
Nicolas Pallois
62%
Armand Laurienté
46%
Eli Junior Kroupi
42%
José María Giménez
36%
Montassar Talbi
15%
Aucun quiz correspondant
Distribution des résultats
% des personnes avec chaque résultat
Percentile par nombre de réponses
Votre historique - résultats
Vous n’avez pas pris ce quiz